000
00307nam a22001337a 4500
008
170621b xxu||||| |||| 00| 0 eng d
020
_a
2900813342299
041
_a
eng
080
_2
3RD
_a
32
100
_a
20
101
_a
SHP
245
_a
RELIGION AND POLITICS IN AMERICA
_c
FOWLER,R.B
942
_2
udc
_c
BK
999
_c
18377
_d
18377